<?xml version="1.0" encoding="UTF-8"?>
<record
    xmlns:xsi="http://www.w3.org/2001/XMLSchema-instance"
    xsi:schemaLocation="http://www.loc.gov/MARC21/slim http://www.loc.gov/standards/marcxml/schema/MARC21slim.xsd"
    xmlns="http://www.loc.gov/MARC21/slim">

  <leader>01264nam a22002297a 4500</leader>
  <controlfield tag="001">BRCA_9300</controlfield>
  <controlfield tag="003">FranzMayer</controlfield>
  <controlfield tag="005">20230726140736.0</controlfield>
  <controlfield tag="008">230726b        |||||||| |||| 00| 0 eng d</controlfield>
  <datafield tag="040" ind1=" " ind2=" ">
    <subfield code="a">MFM</subfield>
    <subfield code="b">esp</subfield>
    <subfield code="c">MFM</subfield>
  </datafield>
  <datafield tag="050" ind1=" " ind2="4">
    <subfield code="a">CO2</subfield>
    <subfield code="b">P46</subfield>
  </datafield>
  <datafield tag="100" ind1="1" ind2=" ">
    <subfield code="4">Autor</subfield>
    <subfield code="a">Philippus de Convelt, Martinus </subfield>
    <subfield code="9">28986</subfield>
  </datafield>
  <datafield tag="240" ind1="1" ind2=" ">
    <subfield code="a">Theatrum excellentiarum SS. Deipara ex consociatione excellentiaru SVI Filii</subfield>
    <subfield code="h">Virginum ac Matrum maximae clientum tuorum minimus L.M.Q.D.C</subfield>
    <subfield code="l">Latin</subfield>
  </datafield>
  <datafield tag="245" ind1="0" ind2=" ">
    <subfield code="a">Theatrum excellentiarum SS. Deipara ex consociatione excellentiaru SVI Filii</subfield>
    <subfield code="b">Virginum  ac Matrum maximae clientum tourum minimus L.M.Q.D.C</subfield>
  </datafield>
  <datafield tag="300" ind1=" " ind2=" ">
    <subfield code="a">443 P</subfield>
    <subfield code="c">33 cm.</subfield>
  </datafield>
  <datafield tag="500" ind1=" " ind2=" ">
    <subfield code="a">El libro no contiene la informaci&#xF3;n relacionada a lugar de publicaci&#xF3;n, a&#xF1;o de emisi&#xF3;n o entidad encargada de la misma.</subfield>
  </datafield>
  <datafield tag="500" ind1=" " ind2=" ">
    <subfield code="a">Con marca de fuego: pertenecientes a Oratorianas MFM-8002 de la Congregaci&#xF3;n del Oratorio de san Felipe Neri</subfield>
  </datafield>
  <datafield tag="650" ind1="1" ind2=" ">
    <subfield code="2">Drama </subfield>
    <subfield code="a">Representaciones dram&#xE1;ticas</subfield>
    <subfield code="v">Teatro</subfield>
    <subfield code="9">28987</subfield>
  </datafield>
  <datafield tag="651" ind1="2" ind2=" ">
    <subfield code="2">Teatros</subfield>
    <subfield code="a">Normas de teatro</subfield>
    <subfield code="v">Est&#xE1;ndares teatrales  </subfield>
    <subfield code="9">28988</subfield>
  </datafield>
  <datafield tag="856" ind1=" " ind2=" ">
    <subfield code="3">http://www.marcasdefuego.buap.mx:8180/xmLibris/projects/firebrand/item.jsp?repository=marcas_de_fuego&amp;map=1&amp;key=marcas_de_fuego_oratorianas_20131206141204_98e1.xml&amp;num=3</subfield>
  </datafield>
  <datafield tag="942" ind1=" " ind2=" ">
    <subfield code="2">lcc</subfield>
    <subfield code="c">B</subfield>
  </datafield>
  <datafield tag="999" ind1=" " ind2=" ">
    <subfield code="c">10922</subfield>
    <subfield code="d">10922</subfield>
  </datafield>
  <datafield tag="952" ind1=" " ind2=" ">
    <subfield code="0">0</subfield>
    <subfield code="1">0</subfield>
    <subfield code="2">lcc</subfield>
    <subfield code="4">0</subfield>
    <subfield code="7">0</subfield>
    <subfield code="8">CFM</subfield>
    <subfield code="a">BRCA</subfield>
    <subfield code="b">BRCA</subfield>
    <subfield code="d">2023-07-26</subfield>
    <subfield code="e">Donaci&#xF3;n</subfield>
    <subfield code="l">0</subfield>
    <subfield code="o">CO2 P46</subfield>
    <subfield code="p">CFM00536</subfield>
    <subfield code="r">2023-07-26 00:00:00</subfield>
    <subfield code="w">2023-07-26</subfield>
    <subfield code="y">B</subfield>
  </datafield>
</record>
